|
|
|
|
| LEADER |
00857nab#a2200337#ar4500 |
| 001 |
000091113 |
| 003 |
SVKKK |
| 005 |
20080911140452.0 |
| 008 |
080625c2008 xo |||||||||||||||b|slo |
| FMT |
|
|
|
| 015 |
|
|
|a SNBRB2008/09
|
| 038 |
|
|
|a SVKKK
|
| 040 |
|
|
|a SVKKK
|b slo
|e AACR2
|
| 041 |
0 |
|
|a slo
|
| 044 |
|
|
|a xo
|c SK
|
| 080 |
|
|
|a 284.1
|x (437.6)
|2 1997
|
| 080 |
|
|
|a 929 Čaplovič, Ján
|2 1997
|
| 100 |
1 |
|
|a Peťkovský, Ondrej
|4 aut
|
| 245 |
1 |
0 |
|a Ján Čaplovič
|c Ondrej Peťkovský
|
| 600 |
1 |
4 |
|a Čaplovič, Ján
|d 1876-1925
|x farár evanjelickej cirkvi a.v.
|x profily
|
| 655 |
# |
4 |
|a biografie
|
| 773 |
0 |
|
|t Evanjelický posol spod Tatier
|g Roč. 98, č. 18-19 (2008), s. 27
|x 0139-8768
|
| 957 |
|
|
|a Jasenová
|
| 957 |
|
|
|a Kežmarok
|
| 958 |
|
|
|a BX
|
| 974 |
|
|
|a Čr
|
| 992 |
|
|
|a RBX
|
| BAS |
|
|
|
| 852 |
|
|
|a SVKKK
|b BIB
|
| EXP |
|
|
|
| 998 |
|
|
|a REG
|